000 01055cam a2200313 4500
999 _c41140
_d41140
001 1242688
003 OSt
005 20210701123502.0
008 720824s1973 nyua 001 0 eng
010 _a 72007444
020 _a0070702136
020 _a9780070702134
040 _aDLC
_cDLC
_dDLC
050 0 0 _aQC21.2
_b.B474 vol. 1
_aQC125.2
082 0 0 _a530.08
_a531
_bKIT/M
100 _aKittel, Charles
_94293
245 1 0 _aMechanics
_c[by] Charles Kittel, Walter D. Knight [and] Malvin A. Ruderman. Rev. by A. Carl Helmholz [and] Burton J. Moyer.
250 _a2d ed.
260 _aNew York,
_bMcGraw-Hill
_c[1973]
300 _axix, 451 p.
_billus.
_c24 cm.
440 _aBerkeley physics course,
_vv. 1
_98616
650 0 _aMechanics.
700 1 _aKnight, Walter D.,
_ejoint author.
700 1 _aRuderman, Malvin A.,
_ejoint author.
700 1 _aHelmholz, A. Carl,
_eed.
700 1 _aMoyer, Burton J.,
_eed.
906 _a7
_bcbc
_corignew
_d1
_eocip
_f19
_gy-gencatlg
942 _2ddc
_cBK
_h531
_iKIT/M
_k531
_mKIT/M